000 00512nam a2200181Ia 4500
999 _c34276
_d34276
003 OSt
005 20200907105736.0
008 190216s9999||||xx |||||||||||||| ||und||
020 _a9788173716256
040 _coclc
082 _a530.09
_bNEW/H
100 _aNewton, Roger G
_94460
245 2 _aA History Of Physics /
_cRoger G Newton
260 _bPearson Education Asia,
_c2008.
_aNew Delhi:
300 _a340p
650 _aPhysics
942 _cBK
_2ddc
_h530.09
_iNEW/H
_k530.09
_mNEW/H